Livestock handling and transport / (Record no. 44)
[ view plain ]
| 000 -LEADER | |
|---|---|
| fixed length control field | 02972cam a22004094a 4500 |
| 001 - CONTROL NUMBER | |
| control field | 14629413 |
| 003 - CONTROL NUMBER IDENTIFIER | |
| control field | UOELD |
| 005 - DATE AND TIME OF LATEST TRANSACTION | |
| control field | 20131219102004.0 |
| 008 - FIXED-LENGTH DATA ELEMENTS--GENERAL INFORMATION | |
| fixed length control field | 061107s2007 enka b 001 0 eng |
| 010 ## - LIBRARY OF CONGRESS CONTROL NUMBER | |
| LC control number | 2006036527 |
| 020 ## - INTERNATIONAL STANDARD BOOK NUMBER | |
| International Standard Book Number | 9781845932190 (alk. paper) |
| International Standard Book Number | 1845932196 (alk. paper) |
| 035 ## - SYSTEM CONTROL NUMBER | |
| System control number | (OCoLC)ocm76261694 |
| System control number | (OCoLC)76261694 |
| 040 ## - CATALOGING SOURCE | |
| Original cataloging agency | DNAL/DLC |
| Transcribing agency | DLC |
| Modifying agency | BTCTA |
| -- | BAKER |
| -- | YDXCP |
| -- | BWKUK |
| -- | CUX |
| -- | MUQ |
| -- | DLC |
| 042 ## - AUTHENTICATION CODE | |
| Authentication code | pcc |
| 050 00 - LIBRARY OF CONGRESS CALL NUMBER | |
| Classification number | SF88 |
| Item number | .L58 2007 |
| 070 0# - NATIONAL AGRICULTURAL LIBRARY CALL NUMBER | |
| Classification number | SF88 |
| Item number | .L58 2007 |
| 082 00 - DEWEY DECIMAL CLASSIFICATION NUMBER | |
| Classification number | 636.08/3 |
| Edition number | 22 |
| 245 00 - TITLE STATEMENT | |
| Title | Livestock handling and transport / |
| Statement of responsibility, etc. | edited by T. Grandin. |
| 250 ## - EDITION STATEMENT | |
| Edition statement | 3rd ed. |
| 260 ## - PUBLICATION, DISTRIBUTION, ETC. (IMPRINT) | |
| Place of publication, distribution, etc. | Wallingford, UK ; |
| -- | Cambridge, MA : |
| Name of publisher, distributor, etc. | CABI, |
| Date of publication, distribution, etc. | c2007. |
| 300 ## - PHYSICAL DESCRIPTION | |
| Extent | vii, 386 p. : |
| Other physical details | ill. ; |
| Dimensions | 25 cm. |
| 504 ## - BIBLIOGRAPHY, ETC. NOTE | |
| Bibliography, etc | Includes bibliographical references and index. |
| 505 0# - FORMATTED CONTENTS NOTE | |
| Formatted contents note | Introduction : effect of customer requirements, international standards and marketing structure on the handling and transport of livestock and poultry / T. Grandin -- General principles of stress and well-being / P.B. Siegal & W.B. Gross -- Causes of poor welfare and welfare assessment during handling and transport / D.M. Broom -- Behavioural principles of handling cattle and other grazing animals under extensive conditions / T. Grandin -- Low-stress restraint, handling and weaning of cattle / J.M. Stookey & J.M. Watts -- Handling cattle raised in close association with people / R. Ewbank and M. Parker -- Handling facilities and restraint of range cattle / T. Grandin -- Dairy cattle behaviour, facilities, handling, transport, automation and well-being / J.L. Albright and W.K. Fulwider -- Cattle transport / T. Grandin and C. Gallo -- Behavioural principles of sheep handling / G.D. Hutson -- Design of sheep yards and shearing sheds / A. Barber and R.B. Freeman -- Sheep transport / M.S. Cockram -- Dogs for herding and guarding livestock / L. Coppinger and R. Coppinger -- Behavioural principles of pig handling / P.H. Hemsworth -- Transport of pigs / E. Lambooij -- Handling and transport of horses / K.A. Houpt -- Deer handling and transport / L.R. Matthews -- Poultry handling and transport / C.A. Weeks -- Stress physiology of animals during transport / T.G. Knowles and P.D. Warriss -- Handling and welfare of livestock in slaughter plants / T. Grandin -- Biosecurity for animal health and food safety / K.E. Belk, J.A. Scanga and T. Grandin. |
| 650 #0 - SUBJECT ADDED ENTRY--TOPICAL TERM | |
| Topical term or geographic name as entry element | Livestock |
| General subdivision | Handling. |
| Topical term or geographic name as entry element | Livestock |
| General subdivision | Transportation. |
| Topical term or geographic name as entry element | Livestock |
| General subdivision | Effect of stress on. |
| Topical term or geographic name as entry element | Animals, Domestic. |
| Topical term or geographic name as entry element | Transportation |
| General subdivision | methods. |
| 700 1# - ADDED ENTRY--PERSONAL NAME | |
| Personal name | Grandin, Temple. |
| 856 41 - ELECTRONIC LOCATION AND ACCESS | |
| Materials specified | Table of contents only |
| Uniform Resource Identifier | <a href="http://www.loc.gov/catdir/toc/ecip075/2006036527.html">http://www.loc.gov/catdir/toc/ecip075/2006036527.html</a> |
| Materials specified | Publisher description |
| Uniform Resource Identifier | <a href="http://www.loc.gov/catdir/enhancements/fy0724/2006036527-d.html">http://www.loc.gov/catdir/enhancements/fy0724/2006036527-d.html</a> |
| 906 ## - LOCAL DATA ELEMENT F, LDF (RLIN) | |
| a | 7 |
| b | cbc |
| c | orignew |
| d | 1 |
| e | ecip |
| f | 20 |
| g | y-gencatlg |
| 942 ## - ADDED ENTRY ELEMENTS (KOHA) | |
| Source of classification or shelving scheme | Library of Congress Classification |
| Koha item type | Short Loan for 1 day |
| Withdrawn status | Lost status | Source of classification or shelving scheme | Damaged status | Not for loan | Home library | Current library | Shelving location | Date acquired | Cost, normal purchase price | Total Checkouts | Full call number | Barcode | Date last seen | Price effective from | Koha item type |
|---|---|---|---|---|---|---|---|---|---|---|---|---|---|---|---|
| Library of Congress Classification | UOE Main Library | UOE Main Library | Short Loan Area | 19/12/2013 | 12075.00 | SF88 .L58 2007 | 20147881 | 27/04/2026 | 19/12/2013 | Short Loan for 1 day |
